Labbaik to the call of calamity floods 2010 = (Record no. 330377)

000 -LEADER
fixed length control field 01225cam a2200337 a 4500
001 - CONTROL NUMBER
control field 17191346
003 - CONTROL NUMBER IDENTIFIER
control field NUST
005 - DATE AND TIME OF LATEST TRANSACTION
control field 20170623103022.0
008 - FIXED-LENGTH DATA ELEMENTS--GENERAL INFORMATION
fixed length control field 120302s2012 pk ab 000 0 eng
010 ## - LIBRARY OF CONGRESS CONTROL NUMBER
LC control number 2011329703
020 ## - INTERNATIONAL STANDARD BOOK NUMBER
International Standard Book Number 9789690023704
025 ## - OVERSEAS ACQUISITION NUMBER
Overseas acquisition number P-E-2011329703; 24
037 ## - SOURCE OF ACQUISITION
Source of stock number/acquisition Library of Congress -- Islamabad Overseas Office
Terms of availability Rs 3000.00
040 ## - CATALOGING SOURCE
Original cataloging agency DLC
Transcribing agency DLC
042 ## - AUTHENTICATION CODE
Authentication code lcode
-- pcc
043 ## - GEOGRAPHIC AREA CODE
Geographic area code a-pk---
050 00 - LIBRARY OF CONGRESS CALL NUMBER
Classification number HV610 2010. P18
Item number D64 2012
082 ## - DEWEY DECIMAL CLASSIFICATION NUMBER
Classification number 363.3493
Author Mark NAS 2010
100 1# - MAIN ENTRY--PERSONAL NAME
Personal name Nasrullah Tahir Dogar
9 (RLIN) 3128
245 10 - TITLE STATEMENT
Title Labbaik to the call of calamity floods 2010 =
Remainder of title labbayk /
Statement of responsibility, etc. Nasrullah Tahir Dogar.
246 31 - VARYING FORM OF TITLE
Title proper/short title Labbayk
260 ## - PUBLICATION, DISTRIBUTION, ETC.
Place of publication, distribution, etc. Karachi :
Name of publisher, distributor, etc. Ferozsons,
Date of publication, distribution, etc. 2012.
300 ## - PHYSICAL DESCRIPTION
Extent 140 p. :
Other physical details col. ill., maps ;
Dimensions 29 cm.
650 #0 - SUBJECT ADDED ENTRY--TOPICAL TERM
Topical term or geographic name entry element Floods
Geographic subdivision Pakistan.
9 (RLIN) 3129
650 #0 - SUBJECT ADDED ENTRY--TOPICAL TERM
Topical term or geographic name entry element Floods
Geographic subdivision Pakistan
Form subdivision Pictorial works.
9 (RLIN) 3130
650 #0 - SUBJECT ADDED ENTRY--TOPICAL TERM
Topical term or geographic name entry element Disaster relief
Geographic subdivision Pakistan.
9 (RLIN) 3131
650 #0 - SUBJECT ADDED ENTRY--TOPICAL TERM
Topical term or geographic name entry element Disaster relief
Geographic subdivision Pakistan
Form subdivision Pictorial works.
9 (RLIN) 3132
650 #0 - SUBJECT ADDED ENTRY--TOPICAL TERM
Topical term or geographic name entry element Humanitarian assistance
Geographic subdivision Pakistan.
9 (RLIN) 3133
650 #0 - SUBJECT ADDED ENTRY--TOPICAL TERM
Topical term or geographic name entry element Humanitarian assistance
Geographic subdivision Pakistan
Form subdivision Pictorial works.
9 (RLIN) 3134
906 ## - LOCAL DATA ELEMENT F, LDF (RLIN)
a 7
b cbc
c origode
d 3
e ncip
f 20
g y-gencatlg
942 ## - ADDED ENTRY ELEMENTS (KOHA)
Source of classification or shelving scheme
Koha item type Book
Holdings
Withdrawn status Lost status Source of classification or shelving scheme Damaged status Not for loan Collection code Permanent Location Current Location Shelving location Date acquired Total Checkouts Full call number Barcode Date last seen Price effective from Koha item type
            Centre for International Peace & Stability (CIPS) Centre for International Peace & Stability (CIPS) General Stacks 04/10/2017   363.3493 NAS 2010 CIPSD0000448 06/23/2017 06/23/2017 Book
            Centre for International Peace & Stability (CIPS) Centre for International Peace & Stability (CIPS) General Stacks 04/10/2017   363.3493 NAS 2010 CIPSD0000449 06/23/2017 06/23/2017 Book
© 2023 Central Library, National University of Sciences and Technology. All Rights Reserved.